[Event "Ubeda"]
[Site "?"]
[Date "1997.??.??"]
[Round "?"]
[White "Bareev, E."]
[Black "Beliavsky, A."]
[Result "1/2-1/2"]
[WhiteElo "2665"]
[BlackElo "2665"]
[PlyCount "105"]
[EventDate "1997.??.??"]
[Source "ChessBase"]
[SourceDate "1997.02.01"]

1. c4 e5 2. g3 Nf6 3. Bg2 Nc6 4. Nc3 g6 5. Rb1 a5 6. a3 Bg7 7. d3 O-O 8. Nf3 d6 9. O-O Nd4 10. b4 axb4 11. axb4 c6 12. Bg5 h6 13. Bxf6 Qxf6 14. b5 Ra3 15. Ne4 Qe7 16. Nxd4 exd4 17. bxc6 bxc6 18. Rb6 d5 19. Nd2 Bg4 20. Re1 Qc5 21. Rb3 Ra2 22. Rb1 Re8 23. h3 Bd7 24. Ra1 Rxa1 25. Qxa1 Qb4 26. Qd1 Bf8 27. h4 Qa5 28. cxd5 cxd5 29. Rf1 Qa2 30. Nb3 Qb2 31. Bxd5 Rxe2 32. Nxd4 Qxd4 33. Bxf7+ Kxf7 34. Qxe2 Bc6 35. Rc1 Qd5 36. f3 Bd6 37. Kg2 Bd7 38. Rc4 Qf5 39. g4 Qf6 40. Qa2 Kg7 41. Qa7 Qb2+ 42. Qf2 Qe5 43. Qd4 g5 44. h5 Kf6 45. Qxe5+ Kxe5 46. Rc1 Bb5 47. Rc8 Bxd3 48. Rh8 Kf6 49. Rxh6+ Ke7 50. Rh8 Be5 51. Rc8 Kf7 52. Kf2 Kg7 53. Rd8 1/2-1/2

[Event "Soviet Union"]
[Site "Soviet Union"]
[Date "1975.??.??"]
[Round "?"]
[White "Polugaevsky, Lev A"]
[Black "Korchnoi, Viktor L"]
[Result "0-1"]
[WhiteElo "2645"]
[BlackElo "2665"]
[PlyCount "84"]
[EventDate "1975.??.??"]
[Source "www.chesslib.no"]
[SourceDate "2004.05.04"]

1. c4 e5 2. Nc3 Nf6 3. Nf3 Nc6 4. d3 g6 5. g3 Bg7 6. Bg2 O-O 7. O-O d6 8. Rb1 a5 9. a3 h6 10. b4 axb4 11. axb4 Be6 12. b5 Ne7 13. Bb2 Nd7 14. Nd2 c6 15. e4 f5 16. exf5 gxf5 17. f4 Ng6 18. Kh1 Qc8 19. Nb3 exf4 20. gxf4 Nf6 21. Qd2 Kh7 22. Ra1 Rxa1 23. Rxa1 Nh4 24. Rg1 Rg8 25. Nd4 Bd7 26. bxc6 bxc6 27. Nf3 Nxg2 28. Qxg2 Qe8 29. Re1 Qf7 30. c5 Nh5 31. Qd2 dxc5 32. Ne5 Bxe5 33. Rxe5 Qg7 34. Re1 Be6 35. Qf2 Nxf4 36. Re3 Qg2+ 37. Qxg2 Rxg2 38. Rxe6 Rxb2 39. Re7+ Kg6 40. Kg1 Rg2+ 41. Kf1 Rxh2 42. Rc7 Nxd3 0-1

[Event "Istanbul ol (Men)"]
[Site "?"]
[Date "2000.??.??"]
[Round "6"]
[White "Kramnik Vladimir"]
[Black "Fominyh Alexander"]
[Result "1/2-1/2"]
[WhiteElo "2758"]
[BlackElo "2551"]
[PlyCount "22"]
[EventDate "2000.??.??"]
[Source "www.chesslib.no"]
[SourceDate "2004.05.04"]

1. g3 g6 2. Bg2 Bg7 3. Nf3 Nf6 4. O-O O-O 5. c4 d6 6. Nc3 Nc6 7. d3 e5 8. Rb1 a5 9. a3 Re8 10. Bg5 h6 11. Bxf6 Bxf6 1/2-1/2

[Event "05"]
[Site "05 Ter Apel"]
[Date "1994.??.??"]
[Round "?"]
[White "Andersson, Ulf"]
[Black "Dautov, Rustem"]
[Result "1/2-1/2"]
[WhiteElo "2620"]
[BlackElo "2625"]
[PlyCount "61"]
[EventDate "1994.??.??"]
[Source "www.chesslib.no"]
[SourceDate "2004.05.04"]

1. c4 e5 2. Nc3 Nc6 3. g3 g6 4. Bg2 Bg7 5. d3 d6 6. Rb1 a5 7. Nf3 Nf6 8. O-O O-O 9. a3 Nd4 10. Be3 Ng4 11. Bd2 f5 12. b4 axb4 13. axb4 c6 14. b5 Bd7 15. Nxd4 exd4 16. Na4 Be8 17. c5 d5 18. Nb6 Ra2 19. Bf4 Bf7 20. Ra1 Rxa1 21. Qxa1 Re8 22. Qa4 Re6 23. Ra1 Be8 24. Qb3 Rxe2 25. Bf3 Rxf2 26. Bxg4 Rxf4 27. gxf4 fxg4 28. Qd1 Bf8 29. Qe2 Qe7 30. Qxe7 Bxe7 31. Ra5 1/2-1/2

[Event "Linares"]
[Site "?"]
[Date "1981.??.??"]
[Round "?"]
[White "Larsen, Bent"]
[Black "Spassky, Boris Vasily"]
[Result "0-1"]
[WhiteElo "2610"]
[BlackElo "2635"]
[PlyCount "87"]
[EventDate "1981.??.??"]
[Source "www.chesslib.no"]
[SourceDate "2004.05.04"]

1. c4 e5 2. g3 Nc6 3. Bg2 g6 4. Nc3 Bg7 5. d3 d6 6. Rb1 Be6 7. b4 Qd7 8. Nf3 h6 9. O-O Nge7 10. e4 Bg4 11. Nd5 Nxd5 12. cxd5 Ne7 13. Be3 f5 14. Qd2 f4 15. gxf4 O-O 16. Ne1 exf4 17. Bxf4 g5 18. Bg3 Ng6 19. f3 Bh5 20. Nc2 Nf4 21. Ne3 Rf7 22. Nf5 Rxf5 23. exf5 Bc3 24. Qc2 Qxf5 25. Bxf4 Bd4+ 26. Kh1 Qxf4 27. Rbe1 Be5 28. Rxe5 Qxe5 29. Qxc7 Rf8 30. Qxb7 Qe3 31. Qd7 Rf6 32. Qc8+ Kh7 33. Qc3 Rxf3 34. Re1 Qf2 35. a4 Rf7 36. Rf1 Qe3 37. Be4+ Kg8 38. Rxf7 Bxf7 39. Qc8+ Kg7 40. Qf5 Qe1+ 41. Kg2 Qe2+ 42. Kh3 Qe3+ 43. Qf3 g4+ 44. Kxg4 0-1

[Event "Cacak  [Ribli"]
[Site "Cacak  [Ribli"]
[Date "1996.??.??"]
[Round "1"]
[White "Hodgson, Julian M"]
[Black "Tiviakov, Sergei"]
[Result "0-1"]
[WhiteElo "2615"]
[BlackElo "2625"]
[PlyCount "27"]
[EventDate "1996.??.??"]
[Source "www.chesslib.no"]
[SourceDate "2004.05.04"]

1. c4 e5 2. Nc3 Nc6 3. g3 g6 4. Bg2 Bg7 5. Rb1 Nf6 6. b4 O-O 7. b5 Ne7 8. Nf3 d6 9. O-O a6 10. a4 axb5 11. axb5 Be6 12. d3 h6 13. Bb2 Qd7 14. Re1 0-1

[Event "ROM-chT"]
[Site "Eforie Nord"]
[Date "2000.12.19"]
[Round "2"]
[White "Nevednichy, Vladislav"]
[Black "Fedorov, Alexei"]
[Result "0-1"]
[WhiteElo "2582"]
[BlackElo "2646"]
[PlyCount "68"]
[EventDate "2000.12.18"]
[Source "ChessBase"]
[SourceDate "2001.03.20"]

1. c4 g6 2. Nc3 Bg7 3. g3 e5 4. Bg2 f5 5. d3 d6 6. e4 Nc6 7. Nge2 Nh6 8. h4 Nf7 9. h5 Be6 10. Nd5 g5 11. exf5 Bxf5 12. Be4 Bxe4 13. dxe4 h6 14. Ne3 Qd7 15. Nf5 O-O 16. Be3 Ne7 17. g4 Nxf5 18. gxf5 b5 19. b3 bxc4 20. bxc4 Rab8 21. Nc3 Nd8 22. c5 Nc6 23. cxd6 cxd6 24. O-O Nd4 25. Nd5 Rb5 26. Bxd4 exd4 27. Qa4 Qe8 28. Rfe1 d3 29. Qc4 Kh7 30. Qxd3 Bxa1 31. Nc7 Qxh5 32. Nxb5 Be5 33. Rc1 Qh2+ 34. Kf1 Qh1+ 0-1

[Event "Corsica qf m"]
[Site "?"]
[Date "1998.??.??"]
[Round "1.2"]
[White "Chernin Alexander"]
[Black "Degraeve Jean Marc"]
[Result "1-0"]
[WhiteElo "2610"]
[BlackElo "2580"]
[PlyCount "71"]
[EventDate "1998.??.??"]
[Source "www.chesslib.no"]
[SourceDate "2004.05.04"]

1. c4 Nf6 2. Nc3 g6 3. g3 Bg7 4. Bg2 O-O 5. d3 d6 6. Nf3 e5 7. O-O Nc6 8. Rb1 Re8 9. Nd2 Nd4 10. b4 Rb8 11. b5 h5 12. e3 Nf5 13. a4 h4 14. Ba3 Bh6 15. Nde4 hxg3 16. hxg3 Kg7 17. Qe2 Rh8 18. c5 Kg8 19. cxd6 cxd6 20. Rbc1 Bf8 21. Nxf6+ Qxf6 22. Nd5 Qg5 23. Rc7 Be6 24. Rfc1 Qh6 25. Kf1 Kg7 26. Bb2 Qh2 27. Qf3 Nh6 28. d4 Ng4 29. dxe5 dxe5 30. Nf4 Bb3 31. Qxg4 Rh6 32. Bxe5+ Kg8 33. Rc8 Rxc8 34. Rxc8 Bxa4 35. Qd7 g5 36. Rxf8+ 1-0

[Event "Istanbul TUR"]
[Site "?"]
[Date "2000.10.30"]
[Round "3"]
[White "Miezis Normunds LAT"]
[Black "Seirawan Yasser"]
[Result "1-0"]
[WhiteElo "2524"]
[BlackElo "2647"]
[PlyCount "95"]
[EventDate "2000.??.??"]
[Source "www.chesslib.no"]
[SourceDate "2004.05.04"]

1. c4 e5 2. Nc3 Nc6 3. g3 g6 4. Bg2 Bg7 5. d3 Nge7 6. e4 d6 7. Nge2 h5 8. h4 O-O 9. O-O Bg4 10. f3 Be6 11. Nd5 Qd7 12. Bg5 f6 13. Be3 f5 14. Qd2 Rf7 15. Bg5 Kh7 16. b4 Ng8 17. Rab1 Raf8 18. b5 Nce7 19. f4 c6 20. bxc6 bxc6 21. Ne3 Nh6 22. d4 exd4 23. Nxd4 fxe4 24. Bxh6 Bxh6 25. Bxe4 Bg7 26. Rb7 Qxb7 27. Nxe6 Qd7 28. Nxf8+ Rxf8 29. f5 Kg8 30. Qd3 Be5 31. Kg2 d5 32. cxd5 cxd5 33. fxg6 Rxf1 34. Qxf1 Qe6 35. Bf5 Qf6 36. Qf3 d4 37. Nd5 Nxd5 38. Qxd5+ Kf8 39. Qa8+ Ke7 40. Qxa7+ Kf8 41. Qa8+ Ke7 42. Qb7+ Kf8 43. Qc8+ Kg7 44. Qd7+ Kf8 45. a4 Qe7 46. Qxe7+ Kxe7 47. a5 Kf6 48. a6 1-0

[Event "BCSA Open"]
[Site "Batumi"]
[Date "2003.07.24"]
[Round "8"]
[White "Minasian, Artashes"]
[Black "Jobava, Baadur"]
[Result "1/2-1/2"]
[WhiteElo "2571"]
[BlackElo "2596"]
[PlyCount "140"]
[EventDate "2003.07.16"]
[Source "Roberto Alvarez"]
[SourceDate "2003.08.25"]

1. Nf3 Nf6 2. g3 g6 3. Bg2 Bg7 4. O-O O-O 5. c4 d6 6. Nc3 e5 7. d3 Nc6 8. Rb1 a5 9. a3 Nd4 10. Nxd4 exd4 11. Nb5 Ne8 12. e3 dxe3 13. Bxe3 c6 14. Nd4 Nf6 15. h3 a4 16. Ne2 Re8 17. Nc3 d5 18. cxd5 Nxd5 19. Nxd5 cxd5 20. b4 Be6 21. Rc1 Bb2 22. Rc2 Bxa3 23. Bd2 Qd6 24. Qb1 d4 25. Rc5 Rac8 26. Rb5 Rc3 27. Rxb7 Bb3 28. Re1 Rec8 29. b5 Rc2 30. Bf4 Qf6 31. b6 g5 32. Rc7 gxf4 33. Qxc2 Bxc2 34. Rxc8+ Kg7 35. b7 Bd6 36. Rxc2 fxg3 37. Re8 Qf4 38. Re4 gxf2+ 39. Rxf2 Qh2+ 40. Kf1 a3 41. Rg4+ Kf8 42. Rxd4 Qe5 43. Re4 Qb5 44. Re1 Bg3 45. Rc1 Qxd3+ 46. Re2 a2 47. Be4 Qc3 48. Ree1 Qd4 49. b8=Q+ Bxb8 50. Rc8+ Kg7 51. Rxb8 a1=Q 52. Rxa1 Qxa1+ 53. Rb1 Qe5 54. Re1 Qg3 55. Bg2 f5 56. Re2 Kg6 57. Rf2 Qh2 58. Rf3 Kg5 59. Rf2 Qe5 60. Kg1 Qe1+ 61. Rf1 Qd2 62. Kh2 Kf6 63. Rf3 Qc2 64. Rf1 Ke5 65. Rf3 Qe2 66. Rf1 Qh5 67. Rf3 Ke4 68. Kg3 Kd4 69. Kh2 Ke5 70. Kg3 f4+ 1/2-1/2

[Event "Bielefeld"]
[Site "?"]
[Date "1992.??.??"]
[Round "?"]
[White "Vaganian, Rafael A"]
[Black "Wahls, Matthias"]
[Result "1/2-1/2"]
[WhiteElo "2590"]
[BlackElo "2570"]
[PlyCount "97"]
[EventDate "1992.??.??"]
[Source "www.chesslib.no"]
[SourceDate "2004.05.04"]

1. Nf3 Nf6 2. c4 g6 3. g3 Bg7 4. Bg2 O-O 5. O-O d6 6. Nc3 Nc6 7. d3 h6 8. Rb1 a5 9. a3 e5 10. b4 axb4 11. axb4 Be6 12. b5 Ne7 13. Bb2 Qd7 14. Re1 Bh3 15. Bh1 Ng4 16. Qb3 Kh8 17. Nd5 Nxd5 18. cxd5 b6 19. Qc4 f5 20. Rec1 Rac8 21. Ra1 f4 22. Ra7 Rf7 23. Bg2 Bxg2 24. Kxg2 g5 25. Qc6 Qf5 26. Ra8 Rxa8 27. Qxa8+ Kh7 28. Qe8 Qd7 29. Qxd7 Rxd7 30. h4 Kg6 31. hxg5 hxg5 32. Rc4 Kh5 33. Bc1 Nf6 34. e4 fxe3 35. fxe3 g4 36. Nh2 Nxd5 37. Nxg4 Ne7 38. Nf2 d5 39. Rc2 Kg6 40. e4 Nc8 41. Rc6+ Kf7 42. Nh3 dxe4 43. Ng5+ Kg8 44. Re6 Nd6 45. dxe4 Nxb5 46. Re8+ Bf8 47. Rxe5 Nd6 48. Re6 Re7 49. Bf4 1/2-1/2

[Event "Europe-Americas, Mer"]
[Site "?"]
[Date "1998.??.??"]
[Round "5"]
[White "Georgiev Vladimir"]
[Black "Benjamin Joel"]
[Result "1/2-1/2"]
[WhiteElo "2565"]
[BlackElo "2595"]
[PlyCount "100"]
[EventDate "1998.??.??"]
[Source "www.chesslib.no"]
[SourceDate "2004.05.04"]

1. c4 e5 2. Nc3 Nc6 3. g3 g6 4. Bg2 Bg7 5. Rb1 a5 6. Nf3 d6 7. d3 Nf6 8. O-O O-O 9. Bg5 h6 10. Bxf6 Bxf6 11. a3 Bg7 12. Nd2 Ne7 13. b4 axb4 14. axb4 e4 15. Qc2 exd3 16. Qxd3 Ra3 17. Rb3 Rxb3 18. Nxb3 Nc6 19. Bxc6 bxc6 20. Rd1 Bf5 21. Qd2 Qb8 22. b5 cxb5 23. Nxb5 Re8 24. N3d4 Bd7 25. Nc3 Qb4 26. Qd3 Qc5 27. Nd5 Bg4 28. Kg2 h5 29. f3 Bd7 30. e4 Rb8 31. Rd2 Kh7 32. Ne2 Ra8 33. Ndf4 Ra3 34. Qd5 Qe3 35. Rd3 Rxd3 36. Qxd3 Qxd3 37. Nxd3 c5 38. Nef4 Ba4 39. e5 Bf8 40. Nd5 Bc2 41. Kg1 Be7 42. N3b4 g5 43. exd6 Ba4 44. Nc7 f6 45. Nc6 Kg6 46. Nd4 Bd7 47. Kg2 Ba4 48. Nb3 Bxb3 49. Na6 Kf7 50. h3 Ke8 1/2-1/2

[Event "Camp. svizzero a sq. - Riehen-Losanna"]
[Site "Svizzera"]
[Date "2008.09.07"]
[Round "7.1"]
[White "Hickl, Joerg"]
[Black "Renet, Olivier"]
[Result "1-0"]
[WhiteElo "2598"]
[BlackElo "2558"]
[PlyCount "142"]
[EventDate "2002.01.01"]
[Source "www.chesslib.no"]
[SourceDate "2004.05.04"]

1. g3 g6 2. Bg2 Bg7 3. c4 Nf6 4. Nf3 O-O 5. O-O d6 6. Nc3 e5 7. d3 Nc6 8. Rb1 a5 9. a3 Re8 10. Nd2 Bg4 11. h3 Be6 12. b4 axb4 13. axb4 Qd7 14. Kh2 d5 15. b5 Ne7 16. Bb2 Rad8 17. Na4 b6 18. c5 bxc5 19. Nxc5 Qxb5 20. Nxe6 fxe6 21. Bxe5 Qd7 22. Ba1 Qd6 23. Qc2 Rb8 24. Nf3 Nd7 25. Bxg7 Kxg7 26. h4 c5 27. Bh3 Nf5 28. Rxb8 Rxb8 29. Ra1 Rb7 30. Qc3+ d4 31. Qd2 Ne5 32. Ng5 Nxh4 33. f4 Nf5 34. Ne4 Qc7 35. fxe5 Qxe5 36. Qf4 Qxf4 37. gxf4 Rb2 38. Ra7+ Kf8 39. Nxc5 Rxe2+ 40. Kg1 Kg8 41. Rd7 h6 42. Bxf5 exf5 43. Rxd4 Kf7 44. Rd7+ Kf6 45. Rd6+ Kf7 46. Nb3 Re6 47. Rd5 Ke7 48. Kf2 Rd6 49. Re5+ Kf6 50. Ke3 g5 51. d4 Ra6 52. Kf3 Ra4 53. Rd5 Rc4 54. Nd2 Rc3+ 55. Ke2 gxf4 56. Rd6+ Kg5 57. Nf3+ Kg4 58. Ne5+ Kh5 59. Kf2 f3 60. Kg3 f2+ 61. Kxf2 Kg5 62. Ke2 Kf4 63. Nd3+ Kg5 64. Rd8 Kf6 65. Ke3 Ra3 66. Rf8+ Ke6 67. Re8+ Kf7 68. Rh8 Kg7 69. Rb8 Kf6 70. d5 Ra4 71. Rb6+ Kg5 1-0

[Event "CRO-chT"]
[Site "?"]
[Date "2000.09.16"]
[Round "6"]
[White "Delchev Aleksander"]
[Black "Ulibin Mikhail"]
[Result "1/2-1/2"]
[WhiteElo "2557"]
[BlackElo "2583"]
[PlyCount "82"]
[EventDate "2000.??.??"]
[Source "www.chesslib.no"]
[SourceDate "2004.05.04"]

1. c4 e5 2. g3 Nc6 3. Bg2 g6 4. Nc3 Bg7 5. e4 d6 6. Nge2 Nge7 7. d3 O-O 8. O-O Nd4 9. Nxd4 exd4 10. Ne2 a5 11. b3 Rb8 12. a3 b5 13. c5 dxc5 14. Qc2 Rb6 15. Bg5 h6 16. Bxe7 Qxe7 17. Rfc1 Rd8 18. Qxc5 Qxc5 19. Rxc5 Be6 20. b4 axb4 21. axb4 c6 22. e5 Bf5 23. Nc1 Bf8 24. Rxc6 Rxc6 25. Bxc6 Bxb4 26. Rb1 Bd2 27. Bxb5 Rd5 28. e6 fxe6 29. Bc4 Re5 30. Kg2 h5 31. Rb8+ Kg7 32. Nb3 Bc3 33. Rd8 Re2 34. Nxd4 Bxd4 35. Rxd4 Rd2 36. Rd8 Be4+ 37. dxe4 Rxd8 38. Bxe6 Rd2 39. h4 Kf6 40. Bd5 Ke5 41. Bc6 Rb2 1/2-1/2

[Event "2. Open"]
[Site "?"]
[Date "2005.10.28"]
[Round "9"]
[White "Bauer Christian"]
[Black "Maze Sebastien"]
[Result "1-0"]
[WhiteElo "2625"]
[BlackElo "2506"]
[PlyCount "75"]
[EventDate "2005.??.??"]
[Source "www.chesslib.no"]
[SourceDate "2004.05.04"]

1. c4 Nf6 2. Nc3 e5 3. Nf3 Nc6 4. a3 g6 5. g3 Bg7 6. Bg2 O-O 7. O-O d6 8. d3 a5 9. Rb1 Bd7 10. b4 axb4 11. axb4 Qc8 12. Bg5 Re8 13. b5 Nd4 14. Nxd4 exd4 15. Bxf6 Bxf6 16. Ne4 Be7 17. Qb3 Bh3 18. Qb2 Bxg2 19. Kxg2 f5 20. Nd2 Bf6 21. Nf3 f4 22. Ra1 Rxa1 23. Rxa1 g5 24. Qd2 g4 25. Ne1 fxg3 26. hxg3 Qf5 27. Nc2 Bg5 28. Qd1 Rf8 29. f4 Bf6 30. Qg1 Re8 31. Re1 Qh5 32. Qh1 Qc5 33. Kf1 c6 34. Rb1 h5 35. Nb4 Qf5 36. bxc6 bxc6 37. Qxc6 Qg6 38. Qxd6 1-0

[Event "Pula"]
[Site "?"]
[Date "1997.??.??"]
[Round "?"]
[White "Vaganian, R."]
[Black "Gallagher, J."]
[Result "1/2-1/2"]
[WhiteElo "2585"]
[BlackElo "2545"]
[PlyCount "50"]
[EventDate "1997.??.??"]
[Source "ChessBase"]
[SourceDate "1997.02.01"]

1. c4 Nf6 2. Nf3 g6 3. g3 Bg7 4. Bg2 O-O 5. O-O d6 6. Nc3 e5 7. d3 Nc6 8. Rb1 h6 9. b4 a6 10. Nd2 Be6 11. Nd5 Rb8 12. Bb2 Qd7 13. f4 Bh3 14. Nxf6+ Bxf6 15. Bxh3 Qxh3 16. b5 axb5 17. cxb5 Ne7 18. Qb3 Bg7 19. fxe5 Nf5 20. d4 dxe5 21. dxe5 Rbd8 22. Nf3 Rfe8 23. e4 Nxg3 24. hxg3 Qxg3+ 25. Kh1 Rd3 1/2-1/2

[Event "GRE-GEO Match m"]
[Site "Athens"]
[Date "2003.09.22"]
[Round "4"]
[White "Jobava, Baadur"]
[Black "Banikas, Hristos"]
[Result "1-0"]
[WhiteElo "2596"]
[BlackElo "2530"]
[PlyCount "83"]
[EventDate "2003.09.18"]
[Source "Roberto Alvarez"]
[SourceDate "2003.09.29"]

1. c4 e5 2. d3 Nc6 3. Nf3 g6 4. g3 Bg7 5. Bg2 d6 6. Nc3 Nf6 7. Rb1 a5 8. a3 h6 9. b4 axb4 10. axb4 O-O 11. O-O Be6 12. b5 Ne7 13. d4 Bxc4 14. dxe5 dxe5 15. Qc2 Ned5 16. Nd1 Nb6 17. Nxe5 Bd5 18. e4 Nxe4 19. Nxf7 Rxf7 20. Bxe4 Bxe4 21. Qxe4 Kh7 22. Ne3 Na4 23. Qc2 Nc3 24. Rb3 Ra2 25. Bb2 Nd5 26. Qc4 Rxb2 27. Rxb2 Bxb2 28. Nxd5 Rd7 29. Nf4 Be5 30. Ne6 Qf6 31. f4 Bd4+ 32. Kh1 Bb6 33. Qe4 Rd2 34. f5 g5 35. Qf3 Qe5 36. Nxg5+ Kg8 37. Ne4 Rd4 38. Re1 Qxb5 39. Qg4+ Kf8 40. f6 Rd7 41. Qg6 Be3 42. Ra1 1-0

[Event "Linares Anibal op"]
[Site "Linares"]
[Date "1999.01.15"]
[Round "8"]
[White "Nogueiras, Jesus"]
[Black "Giorgadze, Giorgi"]
[Result "0-1"]
[WhiteElo "2510"]
[BlackElo "2610"]
[PlyCount "102"]
[EventDate "1999.01.??"]
[Source "ChessBase"]
[SourceDate "1999.03.01"]

1. c4 e5 2. Nc3 Nc6 3. g3 g6 4. Rb1 Bg7 5. b4 Nf6 6. Bg2 O-O 7. Nf3 d6 8. O-O Bf5 9. d3 Qd7 10. b5 Nd8 11. Bg5 h6 12. Bxf6 Bxf6 13. Nd2 Bg7 14. Nd5 c6 15. Nc3 Be6 16. Qc2 f5 17. a4 d5 18. Rfd1 Rc8 19. bxc6 bxc6 20. a5 Qf7 21. Na4 f4 22. Kh1 fxg3 23. fxg3 Qf2 24. Re1 Kh8 25. Qd1 Qe3 26. Rc1 Nf7 27. Nf1 Qf2 28. Qd2 Ng5 29. Qe3 Qf7 30. Nc5 Bh3 31. Nd2 Qf5 32. Bxh3 Qxh3 33. Rf1 e4 34. dxe4 dxc4 35. Rxf8+ Rxf8 36. Nf3 c3 37. Nd3 Qe6 38. Nf4 Qe8 39. e5 Nxf3 40. exf3 g5 41. Nd3 Qf7 42. f4 Qc4 43. Kg2 c2 44. Kf3 Rd8 45. Nf2 Bf8 46. e6 gxf4 47. gxf4 Qd5+ 48. Qe4 Qh5+ 49. Kg2 Bc5 50. Qe5+ Qxe5 51. fxe5 Rd2 0-1

[Event "RUS Ch"]
[Site "Elista RUS"]
[Date "1995.??.??"]
[Round "1"]
[White "Sher, Miron N"]
[Black "Vyzmanavin, Alexey B"]
[Result "0-1"]
[WhiteElo "2510"]
[BlackElo "2605"]
[PlyCount "76"]
[EventDate "1995.10.??"]
[Source "www.chesslib.no"]
[SourceDate "2004.05.04"]

1. c4 f5 2. g3 Nf6 3. Bg2 g6 4. Nc3 Bg7 5. d3 O-O 6. e4 d6 7. Nge2 e5 8. O-O Nc6 9. h3 Be6 10. Nd5 Qd7 11. Kh2 Rf7 12. Be3 Raf8 13. Qd2 Nd8 14. Nxf6+ Rxf6 15. exf5 Rxf5 16. g4 R5f7 17. Nc3 c6 18. Rac1 b6 19. f3 d5 20. cxd5 Bxd5 21. Nxd5 cxd5 22. Qc2 h6 23. Kg1 Kh7 24. b4 Qe7 25. Qb3 Qd7 26. b5 Ne6 27. Rc6 Nf4 28. Qc2 Qe7 29. d4 e4 30. fxe4 Nxg2 31. Rxf7 Qxf7 32. Qxg2 dxe4 33. a4 Qb3 34. Qd2 Rf3 35. Rc3 Qxa4 36. Bf2 Qa1+ 37. Rc1 Qa3 38. Rc7 e3 0-1